000 00767nam a2200265Ia 4500
003 OSt
005 20220925214248.0
006 a|||||r|||| 00| 0
007 ta
008 220923b |||||||| |||| 00| 0 eng d
020 _a0 7007 0149 4
037 _cGeneral Book
040 _aRTL
_cRTL
_beng
041 _2eng
_aeng
082 _aY74477.N8, M4
100 _aCantlie Audrey
_9279895
245 0 _aAssamese
_b Religion, caste and sect in an Indian village
260 _aLondon
_bCurzon Press
_c1984
300 _axiii, 322p
_ccm.
490 _aLondon Studies on South Asia.3
500 _aBibliography: P 313-16
650 _aIndian Society
942 _hY74477.N8, M4
_cGB
_2CC
999 _c564884
_d564884